Pingulala General Knowledge 2 (Hard) - Statistics

General Stats
  • This quiz has been taken 15 times
  • The average score is 10 of 20
Answer Stats
Hint Answer % Correct
In which country is the historical region of Transylvania located? Romania
100%
What is the chemical element with the symbol "V"? Vanadium
92%
What is the term for a book lover or someone who collects books? Bibliophile
75%
Which planet in our solar system has the shortest day? Jupiter
75%
What is the largest known species of shark? Whale shark
75%
Who was the longest-reigning monarch in French history? Louis XIV
67%
What is the name of the deepest lake in the world? Lake Baikal
58%
Which island country was once known as Ceylon? Sri Lanka
58%
Which island nation is known for the creation of the world's first computer? United Kingdom
58%
In which year did the French Revolution begin? 1789
50%
What is the term for the study of fungi? Mycology
50%
What is the smallest country in Africa by land area? Seychelles
50%
Which European country is famous for producing a type of cheese called Gouda? The Netherlands
50%
What is the only country to have never been colonized in Africa? Liberia
42%
Which sea is the largest landlocked sea in the world? The Caspian Sea
42%
Which element on the periodic table has the atomic number 92? Uranium
33%
Which famous artist painted "Girl with a Pearl Earring"? Johannes Vermeer
25%
What is the capital of Kazakhstan? Nur-Sultan
25%
Which ancient civilization is credited with the invention of the wheel? Mesopotamians
8%
Which ancient civilization created the first known legal code? The Babylonians
0%
No matching quizzes found
Score Distribution
Percent of People with Each Score
Percentile by Number Answered
Your Score History
You have not taken this quiz